Un claro en la niebla=(the light beyond) / (Record no. 110013)

MARC details
000 -LEADER
campo de control de longitud fija 00664nam a2200205 4500
001 - NÚMERO DE CONTROL
campo de control 110013
003 - IDENTIFICADOR DE NÚMERO DE CONTROL
campo de control ES-MaACL
005 - FECHA Y HORA DE LA ÚLTIMA TRANSACCIÓN
campo de control 20230906184948.0
007 - CAMPO FIJO DE DESCRIPCIÓN FÍSICA--INFORMACIÓN GENERAL
campo de control de longitud fija t|
008 - DATOS DE LONGITUD FIJA--INFORMACIÓN GENERAL
campo de control de longitud fija 061121s1952 sp r ||||1| spa d
100 1# - ENTRADA PRINCIPAL--NOMBRE DE PERSONA
Nombre de persona Oppenheim, E. Phillips (
Fechas asociadas al nombre 1866-1946)
9 (RLIN) 87130
245 13 - MENCIÓN DEL TÍTULO
Título Un claro en la niebla=(the light beyond) /
Mención de responsabilidad, etc. Edward Phillips Oppenheim ; traducción de Eduardo S. Bonnet.
260 ## - PUBLICACIÓN, DISTRIBUCIÓN, ETC.
Lugar de publicación, distribución, etc. Barcelona :
Nombre del editor, distribuidor, etc. Cervantes,
Fecha de publicación, distribución, etc. 1952.
300 ## - DESCRIPCIÓN FÍSICA
Extensión 239 p. ;
Dimensiones 17 cm.
490 1# - MENCIÓN DE SERIE
Mención de serie Obras completas ;
Designación de volumen o secuencia LIX
700 1# - ENTRADA AGREGADA--NOMBRE PERSONAL
Nombre de persona Bonnet, Eduardo S.
9 (RLIN) 30260
830 0# - PUNTO DE ACCESO ADICIONAL DE SERIE-TÍTULO UNIFORME
Título uniforme Obras completas ;
Designación de volumen o secuencia LIX
9 (RLIN) 176447
852 ## - LOCALIZACIÓN
Ubicación ES-MaACL
Número de control de estantería D-8332
Sublocalización o colección R.32362
Holdings
Estatus retirado Estado de pérdida Estado de daño No para préstamo Biblioteca de origen Biblioteca actual Ubicación en estantería Fecha de adquisición Fuente de adquisición Total de préstamos Signatura topográfica completa Código de barras Visto por última vez Precio de reemplazo Tipo de ítem Koha
        Biblioteca del Ateneo de Madrid Biblioteca del Ateneo de Madrid Sala Valle Inclán 17/01/2008     D-8332 901114782 23/02/2023 23/02/2023 Libro impreso